<?xml version="1.0" encoding="UTF-8"?>
<marc:record xmlns:marc="http://www.loc.gov/MARC21/slim">
   <marc:leader>00000nam a2200000 a 4500</marc:leader>
   <marc:datafield ind1="1" ind2=" " tag="100">
      <marc:subfield code="a">Abedi, Isabel</marc:subfield>
      <marc:subfield code="4">aut</marc:subfield>
      <marc:subfield code="e">Verfasser/-in</marc:subfield>
   </marc:datafield>
   <marc:datafield ind1="1" ind2=" " tag="100">
      <marc:subfield code="a">Scholz, Barbara</marc:subfield>
      <marc:subfield code="4">aut</marc:subfield>
      <marc:subfield code="e">Verfasser/-in</marc:subfield>
   </marc:datafield>
   <marc:datafield ind1="0" ind2="0" tag="245">
      <marc:subfield code="a">Kleine Piraten-Geschichten zum Vorlesen</marc:subfield>
   </marc:datafield>
   <marc:datafield ind1="0" ind2="0" tag="245">
      <marc:subfield code="c">Isabel Abedi ; gestaltet von Barbara Scholz</marc:subfield>
   </marc:datafield>
   <marc:datafield ind1=" " ind2="1" tag="264">
      <marc:subfield code="a">Hamburg</marc:subfield>
      <marc:subfield code="b">Ellermann, H</marc:subfield>
      <marc:subfield code="c">2008</marc:subfield>
   </marc:datafield>
   <marc:datafield ind1="1" ind2=" " tag="490">
      <marc:subfield code="a">Kleine Geschichten zum Vorlesen</marc:subfield>
   </marc:datafield>
   <marc:datafield ind1="1" ind2=" " tag="520">
      <marc:subfield code="a">Angaben aus der Verlagsmeldung

Kleine Piraten-Geschichten zum Vorlesen / von Isabel Abedi

Achtung Piraten! Volle Fahrt voraus auf Schatzsuche! Buckelwal und Beulenpest! Die Piraten an Bord des Protzigen Pottwals sind entsetzt, als sie in den frisch geraubten Schatzkisten kein Gold und keine Edelsteine finden, sondern Bücher! Auch Piratenkönig Pontius Piratus hat Probleme: Er sucht dringend einen Nachfolger. Aber seine Tochter Mona kann doch nicht Piratenkönigin werden, oder vielleicht doch? In den 13 spannenden Geschichten geht es um Schatzinseln, Piratenschiffe und alles, was ein echtes Seeräuberherz höher schlagen lässt! 13 abenteuerliche Seeräubergeschichten für Kinder ab 4 Jahren, witzig und farbenfroh. Broschierte, limitierte Sonderausgabe - nur 3,95 Euro.
</marc:subfield>
   </marc:datafield>
   <marc:datafield ind1=" " ind2=" " tag="020">
      <marc:subfield code="a">9783770721108</marc:subfield>
      <marc:subfield code="9">9783770721108</marc:subfield>
   </marc:datafield>
   <marc:datafield ind1=" " ind2=" " tag="020">
      <marc:subfield code="a">3770721101</marc:subfield>
      <marc:subfield code="9">3770721101</marc:subfield>
   </marc:datafield>
   <marc:datafield ind1=" " ind2=" " tag="041">
      <marc:subfield code="a">ger</marc:subfield>
   </marc:datafield>
   <marc:datafield ind1=" " ind2=" " tag="300">
      <marc:subfield code="a">40 S.</marc:subfield>
   </marc:datafield>
</marc:record>
